000 00257nam a2200109Ia 4500
008 190912s9999||||xx |||||||||||||| ||und||
100 _aLatif Ahmed
245 4 _aThe Pakistan Resolution
260 _aKarachi
_bMcGraw-Hill
_c1988
300 _a250
942 _cBK
999 _c7355
_d7355